Normal view
MARC view
- Dr. Nadeem Anwer Qureshi
Entry Personal Name
001 - CONTROL NUMBER
- control field: 48300
003 - CONTROL NUMBER IDENTIFIER
- control field: NUST
005 - DATE AND TIME OF LATEST TRANSACTION
- control field: 20210314134025.0
008 - FIXED-LENGTH DATA ELEMENTS
- fixed length control field: 210314|| aca||aabn | a|a d
040 ## - CATALOGING SOURCE
- Original cataloging agency: NUST
- Transcribing agency: NUST
100 ## - HEADING--PERSONAL NAME
- Personal name: Dr. Nadeem Anwer Qureshi
670 ## - SOURCE DATA FOUND
- Source citation: Work cat.: (NUST): Muhammad Umair Muddassir 48299, Development of Web based application for user friendly access, analysis and sharing of pavement data base created on GIS, c2014
